00811nam a2200205Ia 4500999001700000082001700017245005000034260006000084300001000144504005900154650004800213650004800261650003100309650003000340700001700370700001800387710007500405942000700480952011800487 c15326d15326 a327.54 IND-; 0aIndia and Unesco: five decades of cooperation aNew DelhibMinistry of Human Resource Developmentc1997 a143p. aIndian National Commission for Cooperation with Unesco aIndia - Foreign economic relations - Unesco aUnesco - Foreign economic relations - India aUnesco - Foreign relations aIndia - Foreign relations aKrishnan, N. aMurthy, C S R aIndia. Ministry of Human Resource Development. Department of Education cBK 00104070aNASSDOCbNASSDOCd2004-06-08i2004-10-05l0o327.54 IND-;p36522r2019-04-18 00:00:00w2019-04-18yBK